Normal view
MARC view
Entry Topical Term
001 - CONTROL NUMBER
- control field: 48578
003 - CONTROL NUMBER IDENTIFIER
- control field: OSt
005 - DATE AND TIME OF LATEST TRANSACTION
- control field: 20241105151721.0
008 - FIXED-LENGTH DATA ELEMENTS
- fixed length control field: 241105|| aca||aabn | a|a d
040 ## - CATALOGING SOURCE
- Original cataloging agency: OSt
- Transcribing agency: OSt
150 ## - HEADING--TOPICAL TERM
- Topical term or geographic name entry element: State of emergency, Emergency governance, Hopelessness, Homeless encampments, Portland, Oregon.
670 ## - SOURCE DATA FOUND
- Source citation: Work cat.: (OSt): Przybylinski, Stephen 48577, From rejection to legitimation: Governing the emergence of organized homeless encampments
